• Historia económica

di Topical Term

Records bibliografici associati: 1

001 - CONTROL NUMBER

  • control field: 58471

003 - CONTROL NUMBER IDENTIFIER

  • control field: IT-RoINE

005 - DATE AND TIME OF LATEST TRANSACTION

  • control field: 20190403090433.0

008 - FIXED-LENGTH DATA ELEMENTS

  • fixed length control field: 190403|| aca||aabn | a|a d

040 ## - CATALOGING SOURCE

  • Original cataloging agency: IT-RoINE
  • Transcribing agency: IT-RoINE

150 ## - HEADING--TOPICAL TERM

  • Topical term or geographic name as entry element: Historia económica
  • Geographic subdivision: España
  • Chronological subdivision: 1833-1845

670 ## - SOURCE DATA FOUND

  • Source citation: Work cat.: (IT-RoINE)0: Fontana, Josep, 1931-2018 6963, La revolución liberal :, 2001.